000
00288nam a2200121Ia 4500
008
220120s9999||||xx |||||||||||||| ||und||
082
_a
005.1 PAD
100
_a
Padmareddy, A.M
_9
11537
245
0
_a
Finite automataand formal languages
260
_c
2005
300
_b
0
650
_a
CIVIL
999
_c
136621
_d
136621